|
|
|
|
| LEADER |
00858nam a2200241 a 4500 |
| 003 |
AR-BeUNQ |
| 005 |
20170918140629.0 |
| 008 |
170801s2012 uy |||| |||| 001 0 spa d |
| 020 |
|
|
|a 9789974813083
|
| 040 |
|
|
|a AR-BeUNQ
|
| 082 |
0 |
4 |
|a 809
|2 21
|
| 100 |
1 |
|
|a Perednik, Gustavo Daniel
|
| 245 |
1 |
0 |
|a Kafkania :
|b un recorrido por el mundo Kafka. El ícono, el genio, el judío, el filósofo /
|c Gustavo Daniel Perednik
|
| 260 |
|
|
|a Montevideo :
|b Universidad ORT Uruguay,
|c 2012.
|
| 300 |
|
|
|a 251 p. ;
|c 23 cm.
|
| 504 |
|
|
|a Incluye referencias bibliográficas e índice.
|
| 600 |
1 |
0 |
|a Kafka, Franz
|d 1883-1924
|
| 650 |
|
7 |
|a Literatura (Arte)
|2 spines
|
| 650 |
|
7 |
|a Biografías
|2 spines
|
| 653 |
|
|
|a Análisis literario
|
| 929 |
|
|
|a DONACION
|b Departamento Ciencias Sociales - UNQ
|d 125,00E
|e 201312112
|f PAT0052210
|g 2480
|h 1
|j 56065
|
| 942 |
|
|
|c LIB
|n 0
|
| 999 |
|
|
|c 28928
|d 112728
|